| 000 | 01015cam a22003015a 4500 | ||
|---|---|---|---|
| 001 | 016485535 | ||
| 003 | OSt | ||
| 005 | 20150809160037.0 | ||
| 008 | 131230t2014 enka frb 001 0 eng d | ||
| 020 | _a9781292024349 (pbk.) | ||
| 020 | _a1292024348 (pbk.) | ||
| 040 |
_aStDuBDS _beng _cStDuBDS _dUk _dEG-ScBUE |
||
| 082 | 0 | 4 |
_a005.453 _bCOM _222 |
| 245 | 0 | 0 |
_aCompilers : _bprinciples, techniques, and tools / _cAho ... [et al.] |
| 250 | _a2nd ed., Pearson new international ed. | ||
| 260 |
_aHarlow : _bPearson, _cc.2014. |
||
| 300 |
_aii, 942 p. : _bill. (black and white) ; _c28 cm. |
||
| 490 | 0 | _aPearson custom library | |
| 500 | _aPrevious edition: Boston, Massachusetts: Pearson/Addison Wesley, 2007. | ||
| 500 | _aIndex : p. 220-223. | ||
| 504 | _aIncludes bibliographical references. | ||
| 650 | 7 |
_aCompilers (Computer programs) _2BUEsh _913036 |
|
| 651 | _2BUEsh | ||
| 653 |
_bCOMSCI _cAugust2015 |
||
| 655 |
_vreading book _934232 |
||
| 700 | 1 |
_aAho, Alfred V. _917981 |
|
| 942 |
_2ddc _k005.453 COM |
||
| 999 |
_c20393 _d20365 |
||